[Event "Tambov Korensky Memorial 29th"]
[Site "Tambov"]
[Date "2020.09.01"]
[Round "4"]
[White "Zakharov, Timofey V"]
[Black "Popov, Tikhon1"]
[Result "1/2-1/2"]
[WhiteElo "1675"]
[BlackElo "1771"]
[PlyCount "141"]
[EventDate "2020.08.29"]
[EventType "swiss"]
[EventRounds "9"]
[EventCountry "RUS"]
[SourceTitle "EXT 2021"]
[Source "ChessBase"]
[SourceDate "2020.10.23"]
[SourceVersion "1"]
[SourceVersionDate "2020.10.23"]
[SourceQuality "1"]

1. e4 c5 2. Nf3 e6 3. Nc3 Nc6 4. Bb5 Nge7 5. d4 cxd4 6. Nxd4 Nxd4 7. Qxd4 Nc6 8. Bxc6 dxc6 9. Be3 Qxd4 10. Bxd4 f6 11. f4 b6 12. e5 f5 13. 0-0 Be7 14. a4 Bd7 15. Rfd1 0-0-0 16. b3 Kb7 17. a5 c5 18. Be3 Bc6 19. a6+ Kc7 20. Kf2 Rdg8 21. g3 h6 22. Ne2 g5 23. c4 g4 24. Nc3 h5 25. Nb5+ Kb8 26. b4 h4 27. bxc5 hxg3+ 28. hxg3 Rh2+ 29. Kf1 bxc5 30. Nd6 Kc7 31. Bxc5 Rc2 32. Rac1 Rxc1 33. Rxc1 Bxd6 34. exd6+ Kd7 35. Rc3 Rh8 36. Ke1 Rh2 37. Rb3 Rh1+ 38. Kd2 Ra1 39. Ba3 Rg1 40. c5 Rg2+ 41. Kc1 Rg1+ 42. Kd2 Rg2+ 43. Ke1 Rg1+ 44. Kf2 Rg2+ 45. Kf1 Ra2 46. Ke1 Bd5 47. Re3 Ra1+ 48. Kd2 Ra2+ 49. Kc1 Ra1+ 50. Kb2 Ra2+ 51. Kb1 Rg2 52. Bb4 Rg1+ 53. Kb2 Rg2+ 54. Kc1 Ra2 55. Ra3 Rxa3 56. Bxa3 Bc4 57. Kc2 Bxa6 58. Kc3 Bb7 59. Kb4 Bd5 60. Ka5 Bc6 61. Ka6 Bd5 62. Kxa7 Bc6 63. Ka6 Bd5 64. Kb5 Bc6+ 65. Kc4 Bd5+ 66. Kd4 Bc6 67. Ke5 Bd5 68. Bb4 Bc6 69. Ba5 Bd5 70. Bb6 Bc6 71. Ba7 1/2-1/2

[Event "Voronezh op-B 23rd"]
[Site "Voronezh"]
[Date "2019.06.17"]
[Round "6"]
[White "Zakharov, Timofey V"]
[Black "Bezhenar, Georgy"]
[Result "0-1"]
[WhiteElo "1627"]
[BlackElo "1944"]
[PlyCount "66"]
[EventDate "2019.06.12"]
[EventType "swiss"]
[EventRounds "9"]
[EventCountry "RUS"]
[SourceTitle "EXT 2020"]
[Source "ChessBase"]
[SourceDate "2019.10.17"]
[SourceVersion "1"]
[SourceVersionDate "2019.10.17"]
[SourceQuality "1"]

1. e4 e6 2. e5 d5 3. exd6 cxd6 4. d4 Nf6 5. Nf3 Be7 6. Bb5+ Bd7 7. Bxd7+ Nbxd7 8. 0-0 0-0 9. Nc3 Nb6 10. Bf4 Rc8 11. Nd2 a6 12. Nde4 d5 13. Nxf6+ Bxf6 14. a4 Nc4 15. b3 Nd6 16. Na2 Nf5 17. c3 Qb6 18. Rc1 Rfd8 19. Be3 e5 20. Qg4 exd4 21. cxd4 Rxc1 22. Nxc1 Nxd4 23. Rd1 Qe6 24. Rxd4 Bxd4 25. Qxe6 fxe6 26. Bxd4 Rc8 27. Nd3 Rc2 28. Ne1 Rd2 29. Bc5 d4 30. g3 Rd1 31. Kg2 Rxe1 32. Bxd4 Rb1 33. Kf3 Rxb3+ 0-1

[Event "Tambov Region-ch FL"]
[Site "Tambov"]
[Date "2018.12.01"]
[Round "9"]
[White "Shvadchenko, Grigory F"]
[Black "Zakharov, Timofey V"]
[Result "1-0"]
[WhiteElo "1928"]
[BlackElo "1395"]
[PlyCount "85"]
[EventDate "2018.11.14"]
[EventType "tourn"]
[EventRounds "9"]
[EventCountry "RUS"]
[SourceTitle "EXT 2021"]
[Source "ChessBase"]
[SourceDate "2020.10.23"]
[SourceVersion "1"]
[SourceVersionDate "2020.10.23"]
[SourceQuality "1"]

1. Nf3 b6 2. d4 Bb7 3. g3 g6 4. Bg2 Bg7 5. 0-0 Nf6 6. c4 e6 7. Nc3 d6 8. Bg5 h6 9. Be3 0-0 10. Qc1 Kh7 11. Ng5+ hxg5 12. Bxb7 Nbd7 13. Bxa8 Qxa8 14. Bxg5 Rh8 15. f3 Kg8 16. e4 Nh5 17. Be3 c5 18. Ne2 cxd4 19. Bxd4 Bxd4+ 20. Nxd4 Ne5 21. Qc2 Nf6 22. Rae1 Qf8 23. b3 Qh6 24. Re2 Nh7 25. h4 Nf6 26. Qd2 Qh7 27. Nb5 d5 28. exd5 Nh5 29. Rxe5 Nxg3 30. Qg5 Nxf1 31. dxe6 Nd2 32. Kf2 f6 33. Qxf6 Qxh4+ 34. Qxh4 Rxh4 35. e7 Rh2+ 36. Ke3 Nf1+ 37. Kd3 Rd2+ 38. Kc3 Rd1 39. e8Q+ Kg7 40. Qe7+ Kh6 41. Qh4+ Kg7 42. Re7+ Kf8 43. Qf6+ 1-0

[Event "Voronezh op-B 22nd"]
[Site "Voronezh"]
[Date "2018.06.13"]
[Round "2"]
[White "Zakharov, Timofey V"]
[Black "Efendieva, Alina"]
[Result "0-1"]
[WhiteElo "1389"]
[BlackElo "1727"]
[PlyCount "58"]
[EventDate "2018.06.12"]
[EventType "swiss"]
[EventRounds "9"]
[EventCountry "RUS"]
[SourceTitle "CBM 185 Extra"]
[Source "ChessBase"]
[SourceDate "2018.07.29"]
[SourceVersion "1"]
[SourceVersionDate "2018.07.29"]
[SourceQuality "1"]

1. e4 e5 2. Nf3 Nc6 3. Bc4 Nf6 4. Ng5 d5 5. exd5 Na5 6. Bb5+ c6 7. dxc6 bxc6 8. Bd3 Ng4 9. Ne4 f5 10. Ng3 Bc5 11. 0-0 Qh4 12. h3 Nxf2 13. Rxf2 Qxg3 14. Qf3 Bxf2+ 15. Qxf2 Qxf2+ 16. Kxf2 0-0 17. b4 Nb7 18. Bc4+ Kh8 19. Nc3 Nd6 20. Bb3 a6 21. Ba3 Rd8 22. d3 e4 23. dxe4 fxe4 24. Re1 Rf8+ 25. Kg1 Re8 26. b5 Nxb5 27. Nxb5 cxb5 28. Bf7 Re5 29. g4 Rb8 0-1